Exploring Our World : (Record no. 7260)

MARC details
000 -LEADER
fixed length control field 00622nam a22001937a 4500
003 - CONTROL NUMBER IDENTIFIER
control field OSt
005 - DATE AND TIME OF LATEST TRANSACTION
control field 20260112022632.0
008 - FIXED-LENGTH DATA ELEMENTS--GENERAL INFORMATION
fixed length control field 260112b |||||||| |||| 00| 0 eng d
020 ## - INTERNATIONAL STANDARD BOOK NUMBER
International Standard Book Number 0695278509
040 ## - CATALOGING SOURCE
Original cataloging agency DWCL - Main Lib
Transcribing agency OC
082 ## - DEWEY DECIMAL CLASSIFICATION NUMBER
Classification number Circ. 372.83 G7 1980
100 ## - MAIN ENTRY--PERSONAL NAME
Personal name Gross, Herbert H.
Relator term Author
245 ## - TITLE STATEMENT
Title Exploring Our World :
Remainder of title The Americas Classification /
Statement of responsibility, etc. Herbert H. Gross
260 ## - PUBLICATION, DISTRIBUTION, ETC.
Place of publication, distribution, etc. U.S.A.:
Name of publisher, distributor, etc. Follett Publishing Company,
Date of publication, distribution, etc. c1980
300 ## - PHYSICAL DESCRIPTION
Extent 479 p.:
Other physical details ill.;
Dimensions 26 cm.
504 ## - BIBLIOGRAPHY, ETC. NOTE
Bibliography, etc. note Includes Appendix<br/>Includes Glossary<br/>Includes Index
650 ## - SUBJECT ADDED ENTRY--TOPICAL TERM
Topical term or geographic name entry element 1. Social Studies.
942 ## - ADDED ENTRY ELEMENTS (KOHA)
Source of classification or shelving scheme Dewey Decimal Classification
Koha item type Book Circulation
Suppress in OPAC No
952 ## - LOCATION AND ITEM INFORMATION (KOHA)
--
952 ## - LOCATION AND ITEM INFORMATION (KOHA)
--
Holdings
Withdrawn status Lost status Source of classification or shelving scheme Damaged status Not for loan Home library Current library Shelving location Date acquired Source of acquisition Total Checkouts Full call number Barcode Date last seen Copy number Price effective from Koha item type Uniform Resource Identifier
    Dewey Decimal Classification     Junior High School Library Junior High School Library Circulation 09/22/2005 Library Fund   Circ. 372.83 G7 1980 JHS - 12580 01/12/2026 c51 01/12/2026 BK-CIRC
    Dewey Decimal Classification     Junior High School Library Junior High School Library Circulation 09/22/2005 Library Fund   Circ. 372.83 G7 1980 JHS - 12583 01/12/2026 c54 01/12/2026 BK-CIRC